| 000 | 00529nam a2200193Ia 4500 | ||
|---|---|---|---|
| 005 | 20250502122731.0 | ||
| 008 | 241212s9999 xx 000 0 und d | ||
| 020 |
_a9789354354458 _qpbk |
||
| 041 | _aeng | ||
| 082 |
_a308 _bBRO |
||
| 100 | _aBrown, Chris | ||
| 245 | 0 |
_aUnderstanding international relations _cChirs Brown |
|
| 250 | _aFifth edition | ||
| 260 |
_bBloomsbury, _c2022 _aNew Delhi |
||
| 300 |
_a308 p. _c23 cm. |
||
| 504 | _aBib and Ref | ||
| 650 | _aInternation Relations ; Global Economy | ||
| 942 | _cENGLISH | ||
| 999 |
_c566666 _d566666 |
||